000 00522nam a2200181 4500
999 _c177165
_d177165
005 20210215110452.0
010 _aENG-129027
020 _a9789383962464
_c350.00
035 _aEN-112559
037 _bDBAD/PUB
082 _a363.20954
245 _aPolice Reforms
_cedited By Sankar Sen
260 _aDelhi
_bAnuugya Books
_c2016
270 _a1/10206, West Gorakh Park , Shahdara
_bDelhi
_e110032
300 _a160p.
_c22cm(hbk)
700 _aSen, Sankar, Ed.
942 _2ddc
_cEN
_h363.20954
_mPOL